| 000 | 00390 a2200145 4500 | ||
|---|---|---|---|
| 082 | _a629.1AND | ||
| 090 |
_c39638 _d39638 |
||
| 100 | _aAnderson, John D. | ||
| 245 |
_aIntroduction to Flight, 3rd Ed _cJohn D. Anderson _hEnglish |
||
| 250 | _a3 | ||
| 260 |
_aNY _bMcGraw-Hill _c1989 |
||
| 300 |
_axviii, 616 p. _bphotocopy |
||
| 500 | _aAerospace Textbook | ||
| 942 |
_aNUST-CAE _k629.1AND _cAE |
||
| 999 |
_c472373 _d472373 |
||